000 00342nam a2200145Ia 4500
008 191206s9999 xx 000 0 und d
020 _a0690008732 :
090 _aPE1408B283
245 4 _aThe Practical Stylist
250 _a4th ed.
260 _aCrowell
260 _ccc1977
300 _a"x, 198 p. ; 23 cm."
999 _c17129
_d17129